| 000 | 00891cab a2200253 4500 | ||
|---|---|---|---|
| 001 | WB2929-47 | ||
| 008 | 090401t1993 xxu||||| |||| 00| 0 eng d | ||
| 035 | _a(Sirsi) u39209 | ||
| 041 | _aeng | ||
| 245 | _aDTI assisted areas map published | ||
| 260 | _c1993 | ||
| 350 | _a0 | ||
| 490 |
_aFinancial Times _v24 July 1993, 5 |
||
| 490 |
_aRICS Press Release _v(PR157/93infra) 23 July 1993 |
||
| 520 | _aThe revised assisted areas map for regional funding by the EC has been published with areas of London and South East eligible for aid for the first time. RICS supports the scheme. Outlines the criteria for companies applying for grants in the desiginated areas. | ||
| 650 | _aASSISTED AREAS | ||
| 650 | _aEC FUNDING | ||
| 650 |
_aInfrastructure _96246 |
||
| 650 | _aREGIONAL POLICY | ||
| 650 | _aRICS POLICY | ||
| 690 | _aURBAN RENEWAL | ||
| 942 | _n0 | ||
| 948 | _c04/03/1997 | ||
| 999 |
_c25160 _d25160 |
||